000 nam a22 a 4500
999 _c4313
_d4313
003 AKMAL
005 20170526163639.0
008 17526 t1996 cc g 001 0 eng d
020 _a0717297497 (hbk.)
040 _aAKMAL
082 0 4 _a658.312404 CHA
_222
090 0 0 _a658.312404
_bCHA
100 1 _aChalmers, James
_98397
245 1 0 _aOrganising effective training :
_bhow to plan and run successful courses and seminars /
_c[James Chalmers]
260 _aHong Kong :
_bGrolier Intl.Inc.,
_cc1996
300 _a128p. ;
_c24cm.
490 1 _aGrolier business library
504 _aIncludes bibliographical references and index
650 1 0 _aEmployees
_xTraining of
_xPlanning
_98400
650 2 0 _aSeminars
_xPlanning
_98401
830 0 _aGrolier business library
_98353
942 _2ddc
_cBOOK
950 _lAKMAL